书目信息 |
| 题名: |
顾客感知服务质量评价与管理
|
|
| 作者: | 韩经纶 , 董军 著 | |
| 分册: | ||
| 出版信息: | 天津 南开大学出版社 2006.11 |
|
| 页数: | 352页 | |
| 开本: | 21cm | |
| 丛书名: | 现代服务管理与营销丛书 | |
| 单 册: | ||
| 中图分类: | F719 | |
| 科图分类: | ||
| 主题词: | 服务质量--fu wu zhi liang--质量管理 , 服务质量--fu wu zhi liang--评价 | |
| 电子资源: | ||
| ISBN: | 7-310-02609-8 | |
| 000 | 01033nam 2200277 450 | |
| 001 | 012007048429 | |
| 005 | 20070509103211.04 | |
| 010 | @a7-310-02609-8@dCNY25.00 | |
| 100 | @a20070408d2006 km y0chiy0120 ea | |
| 101 | 0 | @achi |
| 102 | @aCN@b120000 | |
| 105 | @aa a 000yy | |
| 200 | 1 | @a顾客感知服务质量评价与管理@Agu ke gan zhi fu wu zhi liang ping jia yu guan li@f韩经纶, 董军著@Fhan jing lun,dong jun zhu |
| 210 | @a天津@c南开大学出版社@d2006.11 | |
| 215 | @a352页@c图@d21cm | |
| 225 | 2 | @a现代服务管理与营销丛书@Axian dai fu wu guan li yu ying xiao cong shu |
| 320 | @a有书目。 | |
| 330 | @a本书在介绍服务质量相关理论的基础上,研究了顾客感知服务质量模型及其度量标准、顾客感知服务质量评价方法、顾客感知服务质量的管理等内容。 | |
| 410 | 0 | @12001 @a现代服务管理与营销丛书 |
| 606 | 0 | @a服务质量@Afu wu zhi liang@x质量管理 |
| 606 | 0 | @a服务质量@Afu wu zhi liang@x评价 |
| 690 | @aF719@v4 | |
| 701 | 0 | @a韩经纶@Ahan jing lun@4著 |
| 701 | 0 | @a董军@Adong jun@4著 |
| 801 | 0 | @aCN@c20070509 |
| 905 | @a10447@dF719@eH083 | |
| 顾客感知服务质量评价与管理/韩经纶, 董军著.-天津:南开大学出版社,2006.11 |
| 352页:图;21cm.-(现代服务管理与营销丛书) |
| ISBN 7-310-02609-8:CNY25.00 |
| 本书在介绍服务质量相关理论的基础上,研究了顾客感知服务质量模型及其度量标准、顾客感知服务质量评价方法、顾客感知服务质量的管理等内容。 |
| ● |
| 相关链接 |
|
|
|
正题名:顾客感知服务质量评价与管理
索取号:F719/H083
 
预约/预借
| 序号 | 登录号 | 条形码 | 馆藏地/架位号 | 状态 | 备注 |
| 1 | 240010 | 202400106 | 社科二线422/422社科库 36排4列1层/ [索取号:F719/H083] | 在馆 | |
| 2 | 240011 | 202400115 | 社科库409/409社科库 46排2列3层/ [索取号:F719/H083] | 在馆 |